Obras completas (Record no. 169754)
[ view plain ]
| 000 -LEADER | |
|---|---|
| campo de control de longitud fija | 01301nam a2200241 i 4500 |
| 001 - NÚMERO DE CONTROL | |
| campo de control | 169754 |
| 003 - IDENTIFICADOR DE NÚMERO DE CONTROL | |
| campo de control | ES-MaACL |
| 005 - FECHA Y HORA DE LA ÚLTIMA TRANSACCIÓN | |
| campo de control | 20231227160948.0 |
| 008 - DATOS DE LONGITUD FIJA--INFORMACIÓN GENERAL | |
| campo de control de longitud fija | 081121s1950 sp f |||| | spa d |
| 080 ## - NÚMERO DE LA CLASIFICACIÓN DECIMAL UNIVERSAL | |
| Número de la Clasificación Decimal Universal | 821.134.2-23"19" |
| 100 1# - ENTRADA PRINCIPAL--NOMBRE DE PERSONA | |
| Nombre de persona | Benavente, Jacinto, |
| Fechas asociadas al nombre | 1866-1954 |
| 9 (RLIN) | 27443 |
| 245 10 - MENCIÓN DEL TÍTULO | |
| Título | Obras completas |
| Resto del título | : con una nota preliminar del autor [en el tomo I] / |
| Mención de responsabilidad, etc. | Jacinto Benavente. |
| 250 ## - MENCION DE EDICION | |
| Mención de edición | 4ª ed. |
| 260 ## - PUBLICACIÓN, DISTRIBUCIÓN, ETC. | |
| Lugar de publicación, distribución, etc. | Madrid : |
| Nombre del editor, distribuidor, etc. | Aguilar, |
| Fecha de publicación, distribución, etc. | 1950. |
| 300 ## - DESCRIPCIÓN FÍSICA | |
| Extensión | 1 v. (1210 p., [2] h. de lám.) ; |
| Dimensiones | 14 cm. |
| 490 1# - MENCIÓN DE SERIE | |
| Mención de serie | Joya |
| 500 ## - NOTA GENERAL | |
| Nota general | En port.: Premio Nobel de Literatura 1922. |
| 505 8# - NOTA DE CONTENIDO CON FORMATO | |
| Nota de contenido con formato | Contiene: T. II. Los favoritos ; El hombrecito ; Por qué se ama ; Mademoiselle de Belle-Isle ; Al natural ; La casa de la dicha ; No fumadores ; Richelieu ; El dragón de fuego ; La Princesa Bebé ; Rosas de otoño ; Buena boda ; El susto de la condesa ; Cuento inmoral ; Los malhechores del bien ; La sobresalienta ; Las cigarras hormigas ; Más fuerte que el amor ; Manón Lescaut ; El amor asusta ; Los buhos ; Abuela y nieta ; La copa encantada. |
| 599 ## - NOTA A LAS ILUSTRACIONES | |
| NOTA A LAS ILUSTRACIONES | Lám.: Caricatura del autor, original de Santana Bonilla ; Comentario autógr. del autor. |
| 830 0# - PUNTO DE ACCESO ADICIONAL DE SERIE-TÍTULO UNIFORME | |
| Título uniforme | Joya |
| 9 (RLIN) | 188875 |
| 852 ## - LOCALIZACIÓN | |
| Ubicación | ES-MaACL |
| Número de control de estantería | E-12324 |
| Nota libre | . - Biblioteca Jacinto Martínez Lacalle |
| Estatus retirado | Estado de pérdida | Estado de daño | No para préstamo | Biblioteca de origen | Biblioteca actual | Ubicación en estantería | Fecha de adquisición | Fuente de adquisición | Total de préstamos | Signatura topográfica completa | Código de barras | Visto por última vez | Precio de reemplazo | Tipo de ítem Koha |
|---|---|---|---|---|---|---|---|---|---|---|---|---|---|---|
| Biblioteca del Ateneo de Madrid | Biblioteca del Ateneo de Madrid | Depósito 2 | 21/11/2008 | E-12324 | 1178223 | 23/02/2023 | 23/02/2023 | Libro impreso |
